[Event "II. CLANSKA LIGA ZAHOD 2016"]
[Site "Komenda"]
[Date "2016.11.27"]
[Round "8.3"]
[White "Jeraj, Zlatko"]
[Black "Nedimovic, Ljubisa"]
[Result "0-1"]
[WhiteElo "2062"]
[BlackElo "2185"]
[PlyCount "44"]
[EventDate "2016.11.27"]
[WhiteTeam "SD JESENICE"]
[BlackTeam "SK RIMEX ILIRSKA BISTRICA"]

1. c4 f5 2. d4 g6 3. Nf3 Nf6 4. Nc3 Bg7 5. Qc2 d6 6. e4 fxe4 7. Nxe4 Nxe4 8.
Qxe4 Nc6 9. a3 Bf5 10. Qh4 Qd7 11. Be3 O-O-O 12. Be2 h6 13. h3 g5 14. Qg3 e5
15. dxe5 dxe5 16. O-O e4 17. Nd2 Be5 18. Qg4 h5 19. Qxg5 Rdg8 20. Qh4 Bxh3 21.
Bg5 Bxg2 22. Kxg2 Qxd2 0-1

[Event "II. CLANSKA LIGA ZAHOD 2016"]
[Site "Komenda"]
[Date "2016.11.27"]
[Round "8.4"]
[White "Sajn, Simon"]
[Black "Pazlar, Marko"]
[Result "1-0"]
[WhiteElo "2096"]
[BlackElo "2061"]
[PlyCount "81"]
[EventDate "2016.11.27"]
[WhiteTeam "SK RIMEX ILIRSKA BISTRICA"]
[BlackTeam "SD JESENICE"]

1. d4 e6 2. Nf3 f5 3. g3 Nf6 4. Bg2 Bb4+ 5. c3 Be7 6. O-O O-O 7. c4 Ne4 8. Qc2
d6 9. Nbd2 Nxd2 10. Bxd2 Bf6 11. Bc3 Nc6 12. Rad1 Qe8 13. d5 Ne5 14. Nd4 Kh8
15. Nxe6 Bxe6 16. dxe6 Rb8 17. Qxf5 Nxc4 18. Be4 Qg6 19. Qd5 Nb6 20. Qd3 Qh5
21. Bf3 Qh3 22. Bxf6 Rxf6 23. Rc1 Rxe6 24. Rxc7 Rh6 25. Rfc1 Qxh2+ 26. Kf1 Rf8
27. Qd4 Rg6 28. Rxb7 h5 29. Qh4 Qxh4 30. gxh4 Rgf6 31. Rcc7 Rg8 32. Rxa7 Rf4
33. Rab7 Na4 34. Bxh5 Nc5 35. Rb6 Rxh4 36. Bf3 Rd4 37. e3 Rd2 38. Rb4 g5 39.
Rd4 Rxd4 40. exd4 Nd3 41. Be4 1-0

[Event "II. CLANSKA LIGA ZAHOD 2016"]
[Site "Komenda"]
[Date "2016.11.27"]
[Round "8.5"]
[White "Pavlin, Ivan"]
[Black "Cibej, Marjan"]
[Result "1/2-1/2"]
[WhiteElo "1882"]
[BlackElo "1962"]
[PlyCount "83"]
[EventDate "2016.11.27"]
[WhiteTeam "SD JESENICE"]
[BlackTeam "SK RIMEX ILIRSKA BISTRICA"]

1. d4 d5 2. g3 Nf6 3. Bg2 c6 4. Nf3 Bf5 5. O-O e6 6. b3 Nbd7 7. c4 Bd6 8. Nc3
h6 9. Bb2 O-O 10. Nd2 e5 11. cxd5 exd4 12. Nce4 Nxe4 13. Bxe4 Bh3 14. Re1 c5
15. Nc4 Nf6 16. Bh1 Re8 17. e3 dxe3 18. Rxe3 Rxe3 19. Nxe3 b5 20. Qf3 Bd7 21.
Nf5 Bxf5 22. Qxf5 Qd7 23. Qd3 Ng4 24. Bg2 Ne5 25. Qc2 Re8 26. Qc3 b4 27. Qc2
Qg4 28. h3 Nf3+ 29. Kf1 Nh2+ 30. Kg1 Nf3+ 31. Kf1 Qh5 32. Qd3 Ne5 33. Bxe5 Qxe5
34. Rd1 Qb2 35. Qd2 Qf6 36. Qd3 Be5 37. Re1 Rd8 38. Qf3 Qa6+ 39. Qe2 Qxe2+ 40.
Kxe2 Bc3 41. Rd1 Kf8 42. Kd3 1/2-1/2

[Event "II. CLANSKA LIGA ZAHOD 2016"]
[Site "Komenda"]
[Date "2016.11.27"]
[Round "8.6"]
[White "Rolih, Miran"]
[Black "Ravnik, Franc"]
[Result "1-0"]
[WhiteElo "1795"]
[BlackElo "1920"]
[PlyCount "49"]
[EventDate "2016.11.27"]
[WhiteTeam "SK RIMEX ILIRSKA BISTRICA"]
[BlackTeam "SD JESENICE"]

1. e4 e5 2. Nf3 Nc6 3. Bc4 Bc5 4. O-O Nf6 5. d4 Nxd4 6. Nxe5 O-O 7. Be3 Ne6 8.
Bxe6 Bxe3 9. Bxf7+ Rxf7 10. Nxf7 Kxf7 11. fxe3 Qe7 12. Nc3 c6 13. Qd4 Kg8 14.
e5 Ne8 15. Ne4 Nc7 16. Nd6 Ne6 17. Qg4 Nf8 18. Rf7 Qxe5 19. Raf1 Ng6 20. Nc4
Qe8 21. Qd4 Qxf7 22. Rxf7 Kxf7 23. Nd6+ Kf8 24. h4 h6 25. Qe4 1-0

[Event "II. CLANSKA LIGA ZAHOD 2016"]
[Site "Komenda"]
[Date "2016.11.27"]
[Round "8.1"]
[White "Butala, Marjan"]
[Black "Hrescak, Ivana"]
[Result "0-1"]
[WhiteElo "2015"]
[BlackElo "2173"]
[PlyCount "114"]
[EventDate "2016.11.27"]
[WhiteTeam "KPSRD KAREL JERAJ LJUBLJANA"]
[BlackTeam "SK POSTOJNA"]

1. c4 g6 2. Nc3 Bg7 3. g3 Nf6 4. Bg2 d6 5. d3 O-O 6. e3 e5 7. Nge2 c6 8. O-O
Be6 9. b3 d5 10. Ba3 Re8 11. Na4 Na6 12. Rb1 Rc8 13. Qc2 Nd7 14. b4 b5 15. Nb2
Nf6 16. c5 Qd7 17. d4 e4 18. Nd1 Nc7 19. Rb3 Bf5 20. Qd2 Ne6 21. Kh1 Ng5 22.
Ng1 Bg4 23. f4 exf3 24. Nxf3 Nfe4 25. Qe1 Nxf3 26. Bxf3 Bxf3+ 27. Rxf3 Ng5 28.
Rf4 Ne6 29. Rf1 Nxd4 30. Rd3 Qe6 31. Nf2 Nc2 32. Qd2 Nxe3 33. Re1 d4 34. Nd1
Qd5+ 35. Kg1 Nc4 36. Qf2 Rxe1+ 37. Qxe1 Ne5 38. Nf2 Nxd3 39. Nxd3 Qxa2 40. Bc1
Qe6 41. Qd1 Re8 42. Bf4 Qe2 43. Qxe2 Rxe2 44. h4 Ra2 45. Kf1 h6 46. Ke1 Kf8 47.
Bc1 Rg2 48. Bf4 Ke8 49. Kf1 Ra2 50. Bc1 Rc2 51. Bf4 Kd7 52. Ke1 Ke6 53. Kd1 Ra2
54. Bc1 Kd5 55. Bb2 Kc4 56. Kc2 Rxb2+ 57. Nxb2+ Kxb4 0-1

[Event "II. CLANSKA LIGA ZAHOD 2016"]
[Site "Komenda"]
[Date "2016.11.27"]
[Round "8.2"]
[White "Pridigar, Lovro"]
[Black "Mlacnik, Franc"]
[Result "0-1"]
[WhiteElo "2044"]
[BlackElo "2019"]
[PlyCount "54"]
[EventDate "2016.11.27"]
[WhiteTeam "SK POSTOJNA"]
[BlackTeam "KPSRD KAREL JERAJ LJUBLJANA"]

1. d4 f5 2. Nf3 e6 3. g3 Nf6 4. Bg2 Be7 5. O-O O-O 6. c4 d6 7. Nc3 Qe8 8. Re1
Qg6 9. e4 fxe4 10. Nxe4 Nxe4 11. Rxe4 Nc6 12. Re1 Bf6 13. Bf4 Kh8 14. Qd2 Nxd4
15. Nxd4 e5 16. Be4 Qh5 17. Be3 exd4 18. Bxd4 c6 19. Qd3 Bg4 20. Rab1 Rae8 21.
Bg2 Bf5 22. Be4 Rxe4 23. Rxe4 d5 24. cxd5 cxd5 25. Qa3 Qf7 26. Bxf6 Bxe4 27.
Be7 Qxf2# 0-1

[Event "II. CLANSKA LIGA ZAHOD 2016"]
[Site "Komenda"]
[Date "2016.11.27"]
[Round "8.3"]
[White "Mlacnik, Janez"]
[Black "Malkoc, Tilen"]
[Result "1/2-1/2"]
[WhiteElo "1874"]
[BlackElo "1738"]
[PlyCount "38"]
[EventDate "2016.11.27"]
[WhiteTeam "KPSRD KAREL JERAJ LJUBLJANA"]
[BlackTeam "SK POSTOJNA"]

1. d4 d5 2. Nf3 c6 3. e3 Bg4 4. Nbd2 Nd7 5. h3 Bh5 6. Be2 Ngf6 7. O-O e6 8. Ne5
Bxe2 9. Qxe2 Bd6 10. f4 Qc7 11. a4 c5 12. c3 O-O 13. b3 cxd4 14. cxd4 Qc3 15.
Ra2 Bb4 16. Qd3 Rac8 17. Ndf3 Nxe5 18. Nxe5 Ne4 19. Kh2 {nejasno (52)} Nd2
1/2-1/2

[Event "II. CLANSKA LIGA ZAHOD 2016"]
[Site "Komenda"]
[Date "2016.11.27"]
[Round "8.4"]
[White "Jereb, Lana"]
[Black "Vertacnik, Viktor"]
[Result "1-0"]
[WhiteElo "1584"]
[BlackElo "1570"]
[PlyCount "47"]
[EventDate "2016.11.27"]
[WhiteTeam "SK POSTOJNA"]
[BlackTeam "KPSRD KAREL JERAJ LJUBLJANA"]

1. e4 e5 2. Nf3 Nc6 3. d4 exd4 4. Nxd4 Qf6 5. Nb3 d6 6. Nc3 Be6 7. Be3 a6 8.
Qd2 Nge7 9. O-O-O O-O-O 10. Kb1 h6 11. Nd4 Nxd4 12. Bxd4 Qg6 13. f4 Bd7 14. Bc4
f6 15. Rhe1 Nc6 16. Bg1 Qe8 17. h3 g5 18. Qe2 Bg7 19. Bxa6 bxa6 20. Qxa6+ Kb8
21. Qb5+ Ka8 22. Qa6+ Kb8 23. Nb5 Bc8 24. Ba7+ 1-0

[Event "II. CLANSKA LIGA ZAHOD 2016"]
[Site "Komenda"]
[Date "2016.11.27"]
[Round "8.5"]
[White "Cizman, Gregor"]
[Black "Skrbec, Leon"]
[Result "1/2-1/2"]
[WhiteElo "1611"]
[BlackElo "1505"]
[PlyCount "84"]
[EventDate "2016.11.27"]
[WhiteTeam "KPSRD KAREL JERAJ LJUBLJANA"]
[BlackTeam "SK POSTOJNA"]

1. d4 Nf6 2. Nf3 e6 3. e3 c5 4. c3 Be7 5. Bd3 Nc6 6. Nbd2 b6 7. O-O O-O 8. Re1
Bb7 9. h3 d6 10. Ne4 d5 11. Nxf6+ Bxf6 12. Qe2 Re8 13. Qc2 g6 14. Bd2 Bg7 15.
Rad1 Qc7 16. Bc1 e5 17. dxe5 Nxe5 18. Nxe5 Bxe5 19. e4 c4 20. Bf1 dxe4 21. Qa4
Rac8 22. Rd7 Qc6 23. Qxc6 Bxc6 24. Rxa7 b5 25. a3 Ra8 26. Rxa8 Rxa8 27. Rd1 f5
28. g3 Kf7 29. Be3 Ke6 30. h4 h5 31. Be2 Rf8 32. Bf4 Bxf4 33. gxf4 Bd5 34. Kg2
Rf7 35. Kg3 Rd7 36. Rd2 Bc6 37. Rxd7 Kxd7 38. Kh2 Kd6 39. Kg1 Kd5 40. Kf1 Kc5
41. Ke1 Kb6 42. Kd2 Bd5 1/2-1/2

[Event "II. CLANSKA LIGA ZAHOD 2016"]
[Site "Komenda"]
[Date "2016.11.27"]
[Round "8.6"]
[White "Hvala, Inja Ajda"]
[Black "Kanc, Ignacij"]
[Result "1-0"]
[WhiteElo "1231"]
[BlackElo "1640"]
[PlyCount "79"]
[EventDate "2016.11.27"]
[WhiteTeam "SK POSTOJNA"]
[BlackTeam "KPSRD KAREL JERAJ LJUBLJANA"]

1. d4 d5 2. Nf3 e6 3. Bf4 Bd6 4. Bg3 Nh6 5. e3 Nf5 6. Bd3 Nc6 7. Nbd2 Nce7 8.
c3 Ng6 9. e4 Nh6 10. O-O O-O 11. exd5 exd5 12. Re1 Bf5 13. Qc2 Bxd3 14. Qxd3
Bxg3 15. hxg3 Qf6 16. Ne5 Rad8 17. Ndf3 Qf5 18. Qxf5 Nxf5 19. Nxg6 fxg6 20. Re2
Rde8 21. Rae1 Rxe2 22. Rxe2 Rd8 23. Ng5 c6 24. g4 Nd6 25. Kf1 h6 26. Ne6 Re8
27. Nf4 Ne4 28. Nxg6 Kh7 29. Nf4 Rf8 30. Ne6 Ng3+ 31. Ke1 Nxe2 32. Nxf8+ Kg8
33. Kxe2 Kxf8 34. Ke3 Kf7 35. f4 Kf6 36. g3 g6 37. Kf3 a5 38. a3 b6 39. b3 c5
40. dxc5 1-0

[Event "II. CLANSKA LIGA ZAHOD 2016"]
[Site "Komenda"]
[Date "2016.11.27"]
[Round "8.1"]
[White "Kodric, Vladimir"]
[Black "Subelj, Jan"]
[Result "0-1"]
[WhiteElo "1945"]
[BlackElo "2182"]
[PlyCount "74"]
[EventDate "2016.11.27"]
[WhiteTeam "SK LOSKA DOLINA"]
[BlackTeam "SK KOMENDA"]

1. d4 Nf6 2. c3 d5 3. Bf4 c5 4. e3 Nc6 5. Nd2 Bf5 6. Qb3 Qd7 7. Ngf3 c4 8. Qd1
e6 9. Ne5 Nxe5 10. Bxe5 Be7 11. Be2 O-O 12. O-O b5 13. b4 a5 14. bxa5 Rxa5 15.
g4 Bg6 16. h4 h6 17. g5 hxg5 18. hxg5 Nh7 19. Bh5 Bxh5 20. Qxh5 Bxg5 21. Nf3
Bh6 22. Kh1 f6 23. Rg1 Ng5 24. Rxg5 fxg5 25. Nxg5 Bxg5 26. Qxg5 Rf5 27. Qg3 Qf7
28. f4 Qh5+ 29. Kg2 Qe2+ 30. Kg1 Rf7 31. a3 Qb2 32. Rf1 Rxa3 33. f5 Ra1 34. f6
Rxf1+ 35. Kxf1 Ra7 36. f7+ Rxf7+ 37. Kg1 Ra7 0-1

[Event "II. CLANSKA LIGA ZAHOD 2016"]
[Site "Komenda"]
[Date "2016.11.27"]
[Round "8.2"]
[White "Marn, Jan"]
[Black "Drobnic, Milan"]
[Result "1-0"]
[WhiteElo "1934"]
[BlackElo "1892"]
[PlyCount "49"]
[EventDate "2016.11.27"]
[WhiteTeam "SK KOMENDA"]
[BlackTeam "SK LOSKA DOLINA"]

1. e4 d6 2. d4 Nf6 3. Nc3 Nbd7 4. Nf3 e5 5. Bc4 Be7 6. O-O O-O 7. h3 c6 8. a4
b6 9. Qe2 Bb7 10. dxe5 dxe5 11. Rd1 Qb8 12. Bg5 Qc7 13. Rd2 h6 14. Bh4 a6 15.
Rad1 Bb4 16. Rd3 Nc5 17. Bxf6 Nxd3 18. Rxd3 gxf6 19. Nh4 Kh7 20. Qh5 Bc8 21.
Rg3 Bxc3 22. bxc3 Rg8 23. Rxg8 Kxg8 24. Qxh6 Be6 25. Ng6 1-0

[Event "II. CLANSKA LIGA ZAHOD 2016"]
[Site "Komenda"]
[Date "2016.11.27"]
[Round "8.3"]
[White "Stanic, Vitko"]
[Black "Trebusak, Anton"]
[Result "0-1"]
[WhiteElo "1764"]
[BlackElo "1872"]
[PlyCount "112"]
[EventDate "2016.11.27"]
[WhiteTeam "SK LOSKA DOLINA"]
[BlackTeam "SK KOMENDA"]

1. Nf3 Nf6 2. d4 d5 3. e3 e6 4. Bd3 c5 5. c3 Nc6 6. Nbd2 Bd6 7. O-O O-O 8. Re1
Qc7 9. h3 Re8 10. dxc5 Bxc5 11. Nb3 Bd6 12. Nbd4 a6 13. Nxc6 Qxc6 14. a4 e5 15.
Bf1 Bf5 16. Nh4 Be6 17. Nf3 Rac8 18. a5 Bb8 19. g3 Qd7 20. Kh2 Ne4 21. Qe2 Rc6
22. Bg2 f5 23. Rd1 Qf7 24. Rf1 f4 25. exf4 exf4 26. g4 h5 27. g5 Nxg5 28. Qd1
Ne4 29. Kg1 Qg6 30. Nh4 Qg5 31. Nf3 Qf6 32. Nd4 Rc7 33. Qxh5 Bf7 34. Qf5 Rce7
35. Qxf6 Nxf6 36. Bd2 Ne4 37. Bc1 Bh5 38. Bxe4 dxe4 39. Bd2 e3 40. fxe3 fxe3
41. Be1 e2 42. Rf5 Bg6 43. Rg5 Bd3 44. h4 Bf4 45. Rg4 Be3+ 46. Kg2 Rf7 47. Rg3
Be4+ 48. Kh3 Bf4 49. Rg1 Bd5 50. Nc2 Bd6 51. Nd4 Re3+ 52. Kg4 Rf4+ 53. Kg5 Rf6
54. h5 Rf1 55. Rg4 Be7+ 56. Kg6 Bf7# 0-1

[Event "II. CLANSKA LIGA ZAHOD 2016"]
[Site "Komenda"]
[Date "2016.11.27"]
[Round "8.4"]
[White "Kralj, Nejc"]
[Black "Bavec, Vinko"]
[Result "1-0"]
[WhiteElo "1695"]
[BlackElo "1567"]
[PlyCount "65"]
[EventDate "2016.11.27"]
[WhiteTeam "SK KOMENDA"]
[BlackTeam "SK LOSKA DOLINA"]

1. e4 c5 2. Nf3 Nc6 3. d4 cxd4 4. Nxd4 a6 5. Nc3 e6 6. Be3 Nf6 7. Be2 Be7 8.
O-O O-O 9. f4 h6 10. a4 Bc5 11. Kh1 Nxd4 12. Bxd4 d6 13. f5 exf5 14. exf5 Bd7
15. Bf3 Rb8 16. Nd5 Nh7 17. f6 g5 18. Ne7+ Kh8 19. Bd5 Be6 20. Bxe6 Bxd4 21.
Qxd4 Qc7 22. Ng6+ Kg8 23. Nxf8 Nxf8 24. Bb3 Ng6 25. Qd1 Qd8 26. Qh5 Kh7 27.
Rae1 Qf8 28. Re7 Ne5 29. Bxf7 Kh8 30. Bg6 b5 31. Rh7+ Kg8 32. f7+ Nxf7 33.
Rhxf7 1-0

[Event "II. CLANSKA LIGA ZAHOD 2016"]
[Site "Komenda"]
[Date "2016.11.27"]
[Round "8.5"]
[White "Sharku, Hysen"]
[Black "Mihelic, Vesna"]
[Result "1-0"]
[WhiteElo "2041"]
[BlackElo "1540"]
[PlyCount "139"]
[EventDate "2016.11.27"]
[WhiteTeam "SK LOSKA DOLINA"]
[BlackTeam "SK KOMENDA"]

1. Nf3 d5 2. b3 Nf6 3. Bb2 e6 4. d3 Bb4+ 5. c3 Be7 6. Nbd2 O-O 7. Qc2 c5 8. e4
Nc6 9. Be2 b6 10. O-O Ba6 11. a3 dxe4 12. Nxe4 Nxe4 13. dxe4 Bxe2 14. Qxe2 Bf6
15. e5 Be7 16. Rad1 Qc7 17. Qe4 Rad8 18. h4 Rd7 19. h5 Rfd8 20. Rde1 h6 21. g4
Kh8 22. Kg2 Qb7 23. Bc1 Na5 24. Qc2 Qd5 25. b4 cxb4 26. cxb4 Qc4 27. Qxc4 Nxc4
28. Re4 Rc8 29. Nd4 a5 30. f4 axb4 31. axb4 Bxb4 32. Kh1 Nd2 33. Bxd2 Bxd2 34.
Nb5 Rc1 35. Kg2 Rxf1 36. Kxf1 Kg8 37. Ke2 Ba5 38. Rc4 Rd5 39. Rc8+ Kh7 40. Nd6
Rc5 41. Rf8 Bb4 42. Rxf7 Rc2+ 43. Ke3 Rc3+ 44. Kd4 Rg3 45. Ne4 Rg1 46. Rb7 Bc5+
47. Nxc5 bxc5+ 48. Kxc5 Rxg4 49. Kd6 Rxf4 50. Kxe6 Kg8 51. Rb8+ Kh7 52. Kd5 Rf5
53. Kd6 Rf1 54. Rb5 Rf5 55. Rb4 Rxh5 56. e6 Ra5 57. e7 Ra6+ 58. Kc7 Ra8 59. Rb8
Ra7+ 60. Kd8 Rxe7 61. Kxe7 h5 62. Ke6 Kg6 63. Rb5 h4 64. Ra5 h3 65. Ra3 Kg5 66.
Rxh3 Kg4 67. Ra3 g5 68. Ke5 Kh5 69. Kf5 g4 70. Ra4 1-0

[Event "II. CLANSKA LIGA ZAHOD 2016"]
[Site "Komenda"]
[Date "2016.11.27"]
[Round "8.6"]
[White "Mlakar, Matej"]
[Black "Zaplotnik, Hugon"]
[Result "1/2-1/2"]
[WhiteElo "1503"]
[BlackElo "1619"]
[PlyCount "149"]
[EventDate "2016.11.27"]
[WhiteTeam "SK KOMENDA"]
[BlackTeam "SK LOSKA DOLINA"]

1. e4 c5 2. Nc3 Nc6 3. f4 e6 4. Nf3 a6 5. d3 Be7 6. Be2 Nf6 7. O-O d6 8. a3 O-O
9. Qe1 Bd7 10. h3 b5 11. Kh2 Rc8 12. Na2 Nd4 13. Nxd4 cxd4 14. c3 dxc3 15. Nxc3
Ne8 16. Be3 Bc6 17. Qf2 Qd7 18. Rac1 f5 19. Qe1 Nc7 20. Bd4 Bf6 21. Qf2 fxe4
22. Nxe4 Bxe4 23. dxe4 e5 24. Bc3 exf4 25. Bxf6 Rxf6 26. Qh4 Rcf8 27. Rcd1 Qe7
28. Bf3 Ne6 29. Qf2 Ng5 30. Qd4 h6 31. Rde1 Qe5 32. Qxe5 dxe5 33. Bg4 Rd6 34.
h4 Nf7 35. Re2 Rfd8 36. Rc1 g6 37. Bf3 h5 38. Kh3 Kg7 39. Kh2 Kh6 40. Rc7 R8d7
41. Rc5 g5 42. hxg5+ Kxg5 43. Rc8 Nd8 44. Rc5 Kf6 45. Rc8 Kg5 46. Rc5 Nf7 47.
Rc8 Rd2 48. Rc2 Rxc2 49. Rxc2 Rd6 50. Kh3 Nh6 51. Rc5 Re6 52. Rc7 Rg6 53. Rc5
Ng4 54. Bxg4 hxg4+ 55. Kh2 g3+ 56. Kg1 Re6 57. Kf1 Kf6 58. Ke2 Rd6 59. Rc2 Ke6
60. Kf3 Ke7 61. Ke2 Kd7 62. Kf3 Rd3+ 63. Ke2 Rb3 64. Kd1 Re3 65. Re2 Rxe2 66.
Kxe2 Kc6 67. b4 Kd6 68. Kf3 Ke6 69. Kg4 Kf6 70. Kh5 Ke6 71. Kg5 Kd6 72. Kh5 Kc6
73. Kg4 Kb6 74. Kh4 a5 75. Kg4 1/2-1/2

[Event "II. CLANSKA LIGA ZAHOD 2016"]
[Site "Komenda"]
[Date "2016.11.27"]
[Round "8.1"]
[White "Kersic, Matej"]
[Black "Anakiev, Dimitar"]
[Result "1-0"]
[WhiteElo "2152"]
[BlackElo "2018"]
[PlyCount "81"]
[EventDate "2016.11.27"]
[WhiteTeam "SK STARI MAYR KRANJ"]
[BlackTeam "SD RADOVLJICA"]

1. e4 e6 2. d4 d5 3. Nc3 Bb4 4. e5 b6 5. f4 Nh6 6. Be3 a5 7. Nf3 Qd7 8. h3 Ba6
9. Bxa6 Nxa6 10. Qd3 Bf8 11. g4 Nb4 12. Qd2 a4 13. a3 Nc6 14. Qd3 Na5 15. Nd2
c6 16. Nxa4 Qb7 17. Nc3 b5 18. b3 Nc4 19. bxc4 bxc4 20. Nxc4 dxc4 21. Qxc4 Bxa3
22. O-O O-O 23. Ne4 Qe7 24. Ng5 Qd7 25. Qd3 f5 26. Rxa3 Rxa3 27. Qxa3 fxg4 28.
Qd6 Qxd6 29. exd6 Rd8 30. hxg4 Nxg4 31. Bc1 h6 32. Ne4 Nf6 33. Nxf6+ gxf6 34.
Ba3 Rb8 35. Rf3 Rb1+ 36. Kf2 Kf7 37. Rb3 Rd1 38. Rb7+ Ke8 39. d7+ Kd8 40. Bc5
Rd2+ 41. Ke3 1-0

[Event "II. CLANSKA LIGA ZAHOD 2016"]
[Site "Komenda"]
[Date "2016.11.27"]
[Round "8.2"]
[White "Buha, Drago"]
[Black "Podvrsnik, Marko"]
[Result "0-1"]
[WhiteElo "1964"]
[BlackElo "2186"]
[PlyCount "102"]
[EventDate "2016.11.27"]
[WhiteTeam "SD RADOVLJICA"]
[BlackTeam "SK STARI MAYR KRANJ"]

1. d4 Nf6 2. Nc3 d5 3. Bf4 Bf5 4. e3 c6 5. Bd3 Bxd3 6. Qxd3 b5 7. Nf3 e6 8. O-O
Nbd7 9. a3 a5 10. Ne2 Be7 11. Nd2 Nh5 12. Nf3 Nxf4 13. Nxf4 Bd6 14. Ne2 f5 15.
Qc3 Rc8 16. b4 Qf6 17. Qd2 O-O 18. c3 g5 19. e4 fxe4 20. Qxg5+ Kh8 21. Qxf6+
Rxf6 22. Nd2 a4 23. Rae1 Nb6 24. g3 Rcf8 25. Kg2 Bc7 26. Ng1 e5 27. f3 exd4 28.
cxd4 exf3+ 29. Rxf3 Kg7 30. Re7+ R8f7 31. Rxf7+ Rxf7 32. Re3 Bd8 33. Ngf3 Nc4
34. Nxc4 dxc4 35. Rc3 Bb6 36. Ng5 Re7 37. Nf3 Re2+ 38. Kf1 Rb2 39. Ke1 Kf6 40.
g4 h6 41. h3 Rg2 42. Kf1 Rg3 43. Nd2 Rxc3 44. Ne4+ Ke6 45. Nxc3 Bxd4 46. Ne2
Bb2 47. Ke1 Bxa3 48. Nd4+ Kd5 49. Nc2 Bb2 50. Kd1 a3 51. Ne3+ Kd4 0-1

[Event "II. CLANSKA LIGA ZAHOD 2016"]
[Site "Komenda"]
[Date "2016.11.27"]
[Round "8.3"]
[White "Djuric, Petar"]
[Black "Torkar, Boris"]
[Result "1-0"]
[WhiteElo "2112"]
[BlackElo "1864"]
[PlyCount "81"]
[EventDate "2016.11.27"]
[WhiteTeam "SK STARI MAYR KRANJ"]
[BlackTeam "SD RADOVLJICA"]

1. c4 c6 2. Nf3 d5 3. Qc2 e6 4. g3 Nf6 5. Bg2 Bd6 6. O-O O-O 7. d3 e5 8. cxd5
cxd5 9. Nc3 Be6 10. Ng5 Qd7 11. Nxe6 Qxe6 12. Qb3 Nbd7 13. Nxd5 Nc5 14. Nxf6+
Qxf6 15. Qd5 Rab8 16. Be3 b6 17. Rac1 Rfd8 18. Rc4 Be7 19. Qf3 Qe6 20. Rfc1
Rbc8 21. b3 h6 22. Qh5 Rb8 23. Bh3 Qf6 24. Rg4 Kh7 25. Rh4 Rd6 26. Qf5+ Qxf5
27. Bxf5+ Kg8 28. Rhc4 Rdd8 29. b4 Na6 30. a3 Bd6 31. Rc6 g6 32. Bc8 Nc7 33.
Rxd6 Rdxc8 34. Rdc6 Rb7 35. Bxh6 Kh7 36. Bg5 Ne6 37. Rxc8 Nxg5 38. R1c7 Rxc7
39. Rxc7 a5 40. bxa5 bxa5 41. Ra7 1-0

[Event "II. CLANSKA LIGA ZAHOD 2016"]
[Site "Komenda"]
[Date "2016.11.27"]
[Round "8.4"]
[White "Kocevar, Tugomir"]
[Black "Urh, Zala"]
[Result "0-1"]
[WhiteElo "1942"]
[BlackElo "2036"]
[PlyCount "54"]
[EventDate "2016.11.27"]
[WhiteTeam "SD RADOVLJICA"]
[BlackTeam "SK STARI MAYR KRANJ"]

1. b4 e5 2. Bb2 Bxb4 3. Bxe5 Nf6 4. c4 O-O 5. Bc3 Bxc3 6. Nxc3 d5 7. cxd5 Nxd5
8. Nxd5 Qxd5 9. Qb3 Be6 10. Qxd5 Bxd5 11. f3 c5 12. e4 Be6 13. Ne2 Nc6 14. a3
Rfd8 15. Nf4 Bd7 16. Bb5 Nd4 17. Bxd7 Nc2+ 18. Ke2 Nxa1 19. Ba4 Rd4 20. Bd1 b5
21. g4 a5 22. h4 a4 23. Nd3 Rad8 24. Bxa4 bxa4 25. Nxc5 Rxd2+ 26. Ke3 Nb3 27.
Nxa4 Rd1 0-1

[Event "II. CLANSKA LIGA ZAHOD 2016"]
[Site "Komenda"]
[Date "2016.11.27"]
[Round "8.5"]
[White "Bulatovic, Milorad"]
[Black "Krivec, Metod"]
[Result "0-1"]
[WhiteElo "1864"]
[BlackElo "1778"]
[PlyCount "109"]
[EventDate "2016.11.27"]
[WhiteTeam "SK STARI MAYR KRANJ"]
[BlackTeam "SD RADOVLJICA"]

1. b3 Nf6 2. Bb2 g6 3. e4 d6 4. c4 e5 5. Nc3 Bg7 6. Nf3 O-O 7. Be2 c5 8. O-O
Nc6 9. d3 Ne8 10. Nd5 f5 11. exf5 gxf5 12. Rb1 Nf6 13. Nxf6+ Qxf6 14. Bc1 Bh6
15. a3 a5 16. Be3 Kh8 17. Kh1 Rg8 18. Qc1 Rg6 19. g3 f4 20. Bd2 Bd7 21. Nh4 Rg7
22. Bf3 Rf8 23. Qd1 b6 24. Be4 Nd4 25. Bc3 Bg4 26. f3 Bh3 27. Rg1 fxg3 28. hxg3
Be3 29. Bxd4 Bxd4 30. Kh2 Bxg1+ 31. Qxg1 Be6 32. Qf2 Qg5 33. Rg1 Rf6 34. Rg2
Rh6 35. Rg1 Kg8 36. Qe1 Kf7 37. Qf2 Kf6 38. Rg2 Ke7 39. Rg1 Bd7 40. Rg2 Qf6 41.
Kg1 Bh3 42. Qe1 Rxh4 43. Rh2 Be6 44. Rg2 Rh3 45. b4 Qh6 46. Kf2 Rh1 47. Qc3 Qc1
48. Qxc1 Rxc1 49. Ke3 Ra1 50. bxc5 bxc5 51. Rb2 Rxa3 52. Rb7+ Kf6 53. Rb6 Rd7
54. Bc6 Ra7 55. Ke2 {nejasno (73)} 0-1

[Event "II. CLANSKA LIGA ZAHOD 2016"]
[Site "Komenda"]
[Date "2016.11.27"]
[Round "8.6"]
[White "Pretnar, Bostjan"]
[Black "Urh, Robert"]
[Result "1-0"]
[WhiteElo "1730"]
[BlackElo "1672"]
[PlyCount "97"]
[EventDate "2016.11.27"]
[WhiteTeam "SD RADOVLJICA"]
[BlackTeam "SK STARI MAYR KRANJ"]

1. d4 Nf6 2. Nf3 d5 3. e3 e6 4. Bd3 c5 5. b3 Nc6 6. a3 Be7 7. Bb2 a6 8. Nbd2 b5
9. dxc5 Bxc5 10. O-O O-O 11. Qe2 Bb7 12. e4 Re8 13. Ng5 Nd4 14. Bxd4 Bxd4 15.
Rad1 h6 16. Ngf3 Bb6 17. Ne5 Qd6 18. Nxf7 Kxf7 19. e5 Qe7 20. exf6 Qxf6 21.
Qh5+ Kg8 22. Kh1 e5 23. Bg6 Re6 24. Bf5 Rd6 25. Bh3 e4 26. Qe2 Re8 27. Nf3 Bc6
28. Ng1 d4 29. Qg4 Qe5 30. Rfe1 Bc7 31. Nf3 Qc5 32. b4 Qc3 33. Nh4 Bd7 34. Nf5
Bxf5 35. Qxf5 Qxc2 36. Rc1 Qd2 37. Red1 Qe2 38. Bg4 Qb2 39. Rxc7 Rf6 40. Qd5+
Kh8 41. Qd7 Rg8 42. Qxd4 Qxa3 43. Rc3 Qa2 44. Rcc1 Rxf2 45. Qxe4 Rgf8 46. Bf3
Qf7 47. Rf1 Qa2 48. Qh4 Rb2 49. Rcd1 {nejasno (91)} 1-0

[Event "II. CLANSKA LIGA ZAHOD 2016"]
[Site "Komenda"]
[Date "2016.11.27"]
[Round "9.1"]
[White "Anakiev, Dimitar"]
[Black "Rojs, Igor"]
[Result "1/2-1/2"]
[WhiteElo "2018"]
[BlackElo "1986"]
[PlyCount "56"]
[EventDate "2016.11.27"]
[WhiteTeam "SD RADOVLJICA"]
[BlackTeam "SK TRZIN"]

1. Nf3 Nf6 2. g3 d5 3. Bg2 g6 4. b3 Bg7 5. Bb2 c5 6. O-O Nc6 7. Ne5 Nxe5 8.
Bxe5 O-O 9. c4 e6 10. Nc3 d4 11. Na4 Qe7 12. a3 Nd7 13. Bxg7 Kxg7 14. Rb1 a5
15. d3 Ra6 16. b4 axb4 17. axb4 cxb4 18. Qb3 Nb8 19. Qxb4 Qxb4 20. Rxb4 Nc6 21.
Bxc6 bxc6 22. Kg2 e5 23. Rfb1 Bf5 24. f3 h5 25. R1b2 Rfa8 26. Nc5 Ra5 27. Nb7
Ra2 28. Nc5 R8a5 1/2-1/2

[Event "II. CLANSKA LIGA ZAHOD 2016"]
[Site "Komenda"]
[Date "2016.11.27"]
[Round "9.2"]
[White "Leben, Dusan"]
[Black "Buha, Drago"]
[Result "1-0"]
[WhiteElo "1879"]
[BlackElo "1964"]
[PlyCount "71"]
[EventDate "2016.11.27"]
[WhiteTeam "SK TRZIN"]
[BlackTeam "SD RADOVLJICA"]

1. e4 e5 2. Nf3 Nc6 3. Bb5 Nd4 4. Bc4 Qf6 5. c3 Nxf3+ 6. Qxf3 Qxf3 7. gxf3 Bc5
8. d3 d6 9. Rg1 g6 10. Be3 Bxe3 11. fxe3 Be6 12. Nd2 O-O-O 13. d4 Ne7 14. d5
Bd7 15. Bd3 f5 16. c4 Rhf8 17. Ke2 f4 18. Rac1 fxe3 19. Kxe3 b6 20. b4 Rf6 21.
c5 dxc5 22. Ba6+ Kb8 23. bxc5 bxc5 24. Rb1+ Rb6 25. Nc4 Rb4 26. a3 Rxb1 27.
Rxb1+ Ka8 28. Bb7+ Kb8 29. Nxe5 Be8 30. Nd3 c4 31. Nc5 a5 32. Ne6 Rd6 33. Bc6+
Ka7 34. Bxe8 Rb6 35. Rxb6 cxb6 36. d6 1-0

[Event "II. CLANSKA LIGA ZAHOD 2016"]
[Site "Komenda"]
[Date "2016.11.27"]
[Round "9.3"]
[White "Torkar, Boris"]
[Black "Bajec, Borut"]
[Result "0-1"]
[WhiteElo "1864"]
[BlackElo "1794"]
[PlyCount "90"]
[EventDate "2016.11.27"]
[WhiteTeam "SD RADOVLJICA"]
[BlackTeam "SK TRZIN"]

1. d4 d5 2. c4 e6 3. Nf3 Nf6 4. Bg5 Be7 5. Nc3 O-O 6. e3 Nbd7 7. Bd3 h6 8. Bh4
c5 9. O-O b6 10. Bg3 Bb7 11. Rc1 Rc8 12. cxd5 Nxd5 13. Nxd5 Bxd5 14. Bb1 Nf6
15. Ne5 c4 16. Bf4 b5 17. Ng4 Nxg4 18. Qxg4 f5 19. Qg3 Kh8 20. Rfe1 Qd7 21. Be5
Bf6 22. e4 fxe4 23. Bxe4 Bxe4 24. Rxe4 a5 25. Rce1 Rce8 26. Bd6 Rf7 27. Be5 b4
28. Bxf6 Rxf6 29. Qe5 Rf5 30. Qg3 Rd5 31. Qg6 Rg5 32. Qxe8+ Qxe8 33. Rxe6 Qd7
34. R1e4 Rd5 35. Re7 Qa4 36. h3 Qd1+ 37. Kh2 Rxd4 38. R4e6 Qd2 39. Rg6 Qf4+ 40.
Rg3 h5 41. Kg1 Rd1+ 42. Kh2 Rd3 43. f3 c3 44. bxc3 bxc3 45. Re4 Qxe4 0-1